000 00772nas a2200253 4500
001 BR0105118
003 BR-BrBNA
005 20231205102527.0
007 ta
008 230509b bl.|||p| |||| 00| 00por d
040 _aBR-BrBNA
_bpor
_cBiblioteca Nacional de Agricultura
041 _a(Pt)
072 _aH10
100 1 _aFonseca, H.S.
100 1 _aJaehn, A.
100 1 _aSilva, M. de F.A.
245 1 _aReacoes de porta-enxertos de seringueira (Hevea brasiliensis)a meloidogyne javanica e M. exigua
650 _aSeringueira
650 _aMeloidoginose
650 _aPorta Enxerto
773 0 _tNematologia Brasileira (Brazil)
_xISSN 0102-2997
_g(Dec 1999), v. 23(2) p. 9-14
_wBR0105118
909 _a202311
_bLúcia
_c55
_dLúcia Elande
942 _2AGRIS
_n0
_cANA
999 _c168023
_d168023